Bilecik Bilecik Bilecik Bilecik Bilecik

Dedem Korkudun kitabı/ (Record no. 6698)

MARC details
000 -BAŞLIK
Sabit Uzunluktaki Kontrol Alanı 01081nam a22003257a 4500
001 - KONTROL NUMARASI
Control Dosyası 0006717
003 - KONTROL NUMARASI KİMLİĞİ
Kontrol Alanı KOHA_MİRAKIL
005 - EN SON İŞLEM TARİHİ ve ZAMANI
Kontrol Alanı 20260207001532.0
007 - FİZİKSEL TANIM SABİT ALAN - GENEL BİLGİ
Sabit uzunluklu kontrol alanı ta
008 - SABİT UZUNLUKTAKİ VERİ ÖGELERİ - GENEL BİLGİ
Sabit Alan 090814b2000 tu |||gr||||#||||1|tur |
020 ## - ISBN - ULUSLARARASI STANDART KİTAP NUMARASI
Isbn 975111960X
Kullanılabilirlik koşulları 0,01
040 ## - KATALOGLAMA KAYNAĞI
Özgün Kataloglama Kurumu TR-BiSEU
Kataloglama Dili tur
Çeviri Kurumu TR-BiSEU
Açıklama Kuralları rda
041 0# - DİL KODU
Metin ya da ses kaydının dil kodu tur
044 ## - YAYINLAYAN/ÜRETEN KURULUŞUN ÜLKE KODU
ISO country code tu
050 ## - SINIFLAMA ve YER NUMARASI
Sınıflama Numarası PL249
Yer Numarası .D43 2000
245 0# - ESER ADI BİLDİRİMİ
Başlık Dedem Korkudun kitabı/
Sorumluluk Bildirimi Editör Orhan Şaik Gökyay.
264 #1 - ÜRERİM, YAYIN, DAĞITIM ve TELİF BİLDİRİMİ
Yayın yeri İstanbul :
Yayınlayan Milli Eğitim Bakanlığı
Yayın tarihi 2000
300 ## - FİZİKSEL TANIMLAMA
Sayfa, Cilt vb. DCLXXI, 358 sayfa: resimli; 20 cm.
336 ## - İÇERİK TÜRÜ
Content type term metin
Content type code txt
Source rdacontent
337 ## - MEDYA TÜRÜ
Media type term aracısız
Media type code n
Source rdamedia
338 ## - TAŞIYICI TÜRÜ
Carrier type term cilt
Carrier type code nc
Source rdacarrier
490 1# - DİZİ BİLDİRİMİ
Dizi Bildirimi Milli Eğitim Bakanlığı yayınları ;
Cilt Numarası 3409.
490 1# - DİZİ BİLDİRİMİ
Dizi Bildirimi Bilim ve Kültür Eserleri dizisi ;
Cilt Numarası 1219.
490 1# - DİZİ BİLDİRİMİ
Dizi Bildirimi Türk Dünyasından Seçmeler dizisi ;
Cilt Numarası 9.
500 ## - GENEL NOT
Genel Not Dizin var.
830 1# - SERİ EK GİRİŞİ - TEKBİÇİM ESER ADI
Tekbiçim Başlık Milli Eğitim Bakanlığı yayınları ;
Volume number/sequential designation 3409.
9 (RLIN) 7828
830 1# - SERİ EK GİRİŞİ - TEKBİÇİM ESER ADI
Tekbiçim Başlık Bilim ve Kültür Eserleri dizisi ;
Volume number/sequential designation 1219.
9 (RLIN) 15641
830 1# - SERİ EK GİRİŞİ - TEKBİÇİM ESER ADI
Tekbiçim Başlık Türk Dünyasından Seçmeler dizisi ;
Volume number/sequential designation 9.
9 (RLIN) 16609
942 ## - EK GİRİŞ ÖGELERİ (KOHA)
Source of classification or shelving scheme Library of Congress Classification
Koha item type Book
Holdings
Materyal Türü Kalıcı Konum Mevcut Konum Raf Yeri Sınıflandırma Kaynağı Edinim Bilgisi Ana Konular Alt Konular Yer Numarası Demirbaş Numarası Fatura Tarihi Geri Çekilme Durumu Kayıp Durumu Hasarlı Durumu Kredi için değil Kayıt Tarih Toplam Ödünçverme Son Görülme Tarihi Son Kontrol Tarihi Genel / Bağış Notu
Book Prof. Dr. Azmi Özcan Kütüphanesi Prof. Dr. Azmi Özcan Kütüphanesi Birûni Salonu Library of Congress Classification Bağış DİL VE EDEBİYAT Doğu Asya, Afrika, Okyanusya Dilleri ve Edebiyatları PL249 .D43 2000 0006717 13/08/2010         14/08/2009 2 05/12/2024 05/12/2024 Genel Bağış